000 00318nam a2200133Ia 4500
005 20260328104317.0
008 260328s9999||||xx |||||||||||||| ||und||
100 _aSegawa, Hugo
245 0 _aArquiteturas no Brasil 1900-1989 /
_cHugo Segawa
260 _bEdusp
300 _a224 p.
650 _aBRAZIL
942 _cBK
999 _c11183
_d11183